000 00632nam a2200193Ia 4500
008 131103s9999 xx 000 0 und d
020 _aSBN : 710028865
_cGBP 6.6s.od.
040 _aLoreto College
041 _aEnglish
082 _a403/HOB
_bLCLIB/16349
100 _aYule,Henry
245 _aHobson - Jobson
_b a glossary of colloquial Anglo - Indian and phrases
_cHenry Yule and A.C.Burnell
260 _aLondon
_bRoutledge and Kegan Paul
_c1886
300 _a1021 p.
_c 21 cm.
650 _aHobson - Jobson - Colloquial Anglo - Indian Words And Phrases
700 _aBurnell,A.C.,auth.
850 _aLCLIB
942 _cBK
999 _c7010
_d57489